000 00879nam a2200289Ia 4500
001 91911
003 IT-RoPAU
008 130308s9999 xx 000 0 und d
040 _aIT-RoPAU
040 _cIT-RoPAU
041 _aITALIANO
100 _aBianchi Ugo
100 _gCodice Aut. SPICS: 27376
245 _aDiffusione, proselitismo, missione: tre esempi di fenomenologia religiosa
245 _bMissione nel Mondo Antico e nella Bibbia (La)
250 _a1a ed.
260 _aBOLOGNA
260 _bEDB - Edizioni Dehoniane
260 _c1990 [1° Ed.:1990 - Ed.Ling.Originale:1988]
300 _a"12 p. (prefazione: no ; testo: 12 [pagine: 13-24])"
500 _aMisteri di Mithra culto Isiaco Manicheismo Mitraismo Isismo
650 _aSTUDI/COMMENTI SULLA BIBBIA
650 _eCodice materia Spics: 9052
942 _cBK
957 _71
999 _c86823
_d86823
999 _g1